000 00656nam a22001937a 4500
003 OSt
005 20251218073745.0
008 251218b |||||||| |||| 00| 0 eng d
020 _a0-7216-6882-8.
040 _aDWCL-Main lib
_cOC
082 _22nd ed.
_aCirc. 610.73069 P964 1997
100 _aChitty, Kaye Kitrell
245 _aProfessional nursing :
_bconcepts and challenges
_cChitty, Kaye Kitrell
260 _aPhiladelphia :
_bW. B. Saunders Company,
_cc1997.
300 _axvii, 518 pages :
_billustration ;
_c23 cm.
650 _21. Nursing-Social aspects.
650 _22. Nursing-Vocational guidance.
942 _2ddc
_cBK-CIRC
_e2nd edition
_kCirc.
_n0
999 _c7201
_d7201